Polscy Politycy - Statystyki

Ogólne statystyki
  • Ten quiz został rozwiązany 321 razy
  • Średni wynik to 13 z 15
Statystyki odpowiedzi
Hint Odpowiedź % Poprawnych
Lider Prawa i Sprawiedliwości, Jego Brat był Prezydentem Jarosław Kaczyński
99%
Premier Polski Donald Tusk
98%
Prezydent Polski Andrzej Duda
97%
Marszałek Sejmu, Lider Polski 2050 Szymon Hołownia
97%
Zgasił świece Chanukową Grzegorz Braun
96%
Lider Konfederacji, Wice-Marszałek Sejmu Krzysztof Bosak
95%
Były Premier Polski, Członek Prawa i Sprawiedliwości Mateusz Morawiecki
95%
Lider Polskiego Stronnictwa Ludowego Władysław Kosiniak-Kamysz
89%
Lider Nowej Lewicy, euro-parlamentarzysta Robert Biedroń
88%
Lider Nowej Nadziei, Doradca Podatkowy Sławomir Mentzen
84%
Lider Nowej Lewicy, Wice-Marszałek Sejmu Włodzimierz Czarzasty
84%
Lider Razem Adrian Zandberg
80%
Wiele razy został wyrzucony z partii, którą stworzył Janusz Korwin-Mikke
77%
Lider Agrounii Michał Kołodziejczak
69%
Jego Nazwisko znajduje się w nazwie partii, której nie jest częścią Paweł Kukiz
46%
Nie znaleziono quizów pasujących do podanych kryteriów
Rozkład punktacji
Procent ludzi z każdym wynikiem
Percentyl według liczby udzielonych odpowiedzi
Twoja historia wyników
Nie rozwiązałeś tego quizu